00425nam a22001457a 4500008004100000020001800041041000800059080001000067100000700077101000800084245004300092942001200135999001700147952011500164180918b xxu||||| |||| 00| 0 eng d a9780721659442 aeng a169.9 a48 aPSI aTextbook Medical PhysiologycHall.G 2udccBK c47957d47957 00102udc40708PËKGa002b002cPËKGd2018-09-18l0o159.9 HALp002-3012837r2018-09-18w2018-09-18yBK